书目信息 |
| 题名: |
电子工业静电与电路EOS/EMI防护技术
|
|
| 作者: | 孙延林 编著 | |
| 分册: | ||
| 出版信息: | 北京 电子工业出版社 2020.01 |
|
| 页数: | 11, 360页 | |
| 开本: | 26cm | |
| 丛书名: | ||
| 单 册: | ||
| 中图分类: | TN07 | |
| 科图分类: | ||
| 主题词: | 电子工业--dian zi gong ye--静电防护 | |
| 电子资源: | ||
| ISBN: | 978-7-121-37392-3 | |
| 000 | 00990nam0 2200241 450 | |
| 001 | 0109110204 | |
| 005 | 20201109110338.0 | |
| 010 | @a978-7-121-37392-3@b精装@dCNY119.00 | |
| 100 | @a20191216d2020 em y0chiy50 ea | |
| 101 | 0 | @achi |
| 102 | @aCN@b110000 | |
| 105 | @aa z 000yy | |
| 106 | @ar | |
| 200 | 1 | @a电子工业静电与电路EOS/EMI防护技术@Adian zi gong ye jing dian yu dian lu EOS/EMI fang hu ji shu@f孙延林编著 |
| 210 | @a北京@c电子工业出版社@d2020.01 | |
| 215 | @a11, 360页@c图@d26cm | |
| 300 | @aESD工程师读物 | |
| 330 | @a本书介绍电子工业静电防护原理、静电放电模型与静电敏感器件的分级、电子电路EOS/EMI应对方案、防静电工作区构成的基本要求、防静电装备(产品)技术参数与使用注意事项、防静电工艺与质量管理等方面的内容,并介绍国际电工委员会标准IEC61340、美国标准ANSI/ESDS20.20近年技术发展情况。 | |
| 606 | 0 | @a电子工业@Adian zi gong ye@x静电防护 |
| 690 | @aTN07@v5 | |
| 701 | 0 | @a孙延林@Asun yan lin@4编著 |
| 801 | 0 | @aCN@bBJSZM@c20201103 |
| 905 | @b1240375-7@dTN07@e160@f3 | |
| 电子工业静电与电路EOS/EMI防护技术/孙延林编著.-北京:电子工业出版社,2020.01 |
| 11, 360页:图;26cm |
| ESD工程师读物 |
| ISBN 978-7-121-37392-3(精装):CNY119.00 |
| 本书介绍电子工业静电防护原理、静电放电模型与静电敏感器件的分级、电子电路EOS/EMI应对方案、防静电工作区构成的基本要求、防静电装备(产品)技术参数与使用注意事项、防静电工艺与质量管理等方面的内容,并介绍国际电工委员会标准IEC61340、美国标准ANSI/ESDS20.20近年技术发展情况。 |
| ● |
| 相关链接 |
|
|
|
|
正题名:电子工业静电与电路EOS/EMI防护技术
索取号:TN07/160
 
预约/预借
| 序号 | 登录号 | 条形码 | 馆藏地/架位号 | 状态 | 备注 |
| 1 | 1240375 | 212403754 | 第二样本阅览室/ [索取号:TN07/160] | 在馆 | |
| 2 | 1240376 | 212403763 | 第三借阅区/ [索取号:TN07/160] | 在馆 | |
| 3 | 1240377 | 212403772 | 第三借阅区/ [索取号:TN07/160] | 在馆 |